| 000 | 00763nam a22002177a 4500 | ||
|---|---|---|---|
| 005 | 20110224145937.0 | ||
| 008 | 110224t xxu||||| |||| 00| 0ben d | ||
| 010 | _aBEN-8385 | ||
| 020 |
_a9788177568141 _c150.00 |
||
| 035 | _aBN-6590 | ||
| 037 | _bDBAD/PUB | ||
| 040 |
_aDPL _bBN |
||
| 100 |
_926208 _aসরকার পূেণন্দু |
||
| 245 |
_aেচােখর কথা/ _cসরকার পূেণন্দু |
||
| 246 |
_aChokher Katha _b by Purnendu Sarkar |
||
| 260 |
_aকলকাতা _b্আন্নদ পাবিলিশং _c2009 |
||
| 270 |
_a45 েবিনয়ােটালা েলন _bকলকাতা _e700073 |
||
| 300 | 3 |
_a204 p _c22cm (HB) |
|
| 700 | _926212 | ||
| 942 |
_2ddc _cBN _mসরকা _hউ |
||
| 999 |
_c50803 _d50803 |
||